An Unusual Group of Ptah-Sokar-Osiris Figures Some Reflections on Typology and Provenance /

The present paper investigates an unusual and hitherto unrecognized group of Ptah-Sokar-Osiris figures. Through the study of four rare specimens here presented (first section), a typological analysis of such group is carried out (second section), taking into account their common features (third sect...

وصف كامل

محفوظ في:

المؤلف الرئيسي: Rindi Nuzzolo, Carlo.

التنسيق: كتاب

اللغة: Undetermined

الوصول للمادة أونلاين: Login to view Source

الوسوم: إضافة وسم

لا توجد وسوم, كن أول من يضع وسما على هذه التسجيلة!

رقم الطلب:

LEADER 00849nam a2200109Ia 4500
008 220712s9999||||xx |||||||||||||| ||und||
100 1 |a Rindi Nuzzolo, Carlo. 
245 1 3 |a An Unusual Group of Ptah-Sokar-Osiris Figures Some Reflections on Typology and Provenance /  |c Carlo Rindi Nuzzolo. 
520 3 |a The present paper investigates an unusual and hitherto unrecognized group of Ptah-Sokar-Osiris figures. Through the study of four rare specimens here presented (first section), a typological analysis of such group is carried out (second section), taking into account their common features (third section) and allowing to establish their possible geographical provenance. 
856 4 |u https://lockwoodonlinejournals.com/index.php/jarce/workflow/access/27 
952 |0 0  |1 0  |4 0  |7 1  |9 42307  |a JARCE  |b JARCE  |d 2022-08-09  |l 0  |r 2022-08-09 00:00:00  |w 2022-08-09  |y PT 
999 |c 49070  |d 49070